Every Formula 3 Race Winner - Statistics

General Stats
  • This quiz has been taken 5 times
  • The average score is 32 of 59
Answer Stats
Wins Driver % Correct
3 Arthur Leclerc
100%
4 Arvid Lindblad
100%
3 Caio Collet
100%
4 Franco Colapinto
100%
2 Gabriel Bortoleto
100%
3 Josep María Martí
100%
3 Liam Lawson
100%
5 Nikola Tsolov
100%
1 Paul Aron
100%
2 Tim Tramnitz
100%
3 Victor Martins
100%
3 Zane Maloney
100%
4 Dennis Hauger
75%
2 Dino Beganovic
75%
4 Frederik Vesti
75%
4 Jack Doohan
75%
2 Luke Browning
75%
1 Oliver Bearman
75%
2 Oliver Goethe
75%
2 Oscar Piastri
75%
4 Rafael Câmara
75%
3 Robert Shwartzman
75%
3 Alexander Smolyar
50%
1 Ayumu Iwasa
50%
1 Callum Voisin
50%
3 Gabriele Mini
50%
3 Isack Hadjar
50%
1 Jak Crawford
50%
3 Jake Hughes
50%
3 Jüri Vips
50%
3 Logan Sargeant
50%
3 Marcus Armstrong
50%
1 Olli Caldwell
50%
1 Pedro Piquet
50%
1 Roman Bilinski
50%
3 Tasanapol Inthraphuvasak
50%
1 Yuki Tsunoda
50%
4 Zak O'Sullivan
50%
1 Bent Viscaal
25%
2 David Beckmann
25%
1 David Schumacher
25%
1 David Vidales
25%
1 Ivan Domingues
25%
1 James Wharton
25%
2 Jehan Daruvala
25%
1 Leonardo Pulcini
25%
1 Lirim Zendeli
25%
1 Lorenzo Colombo
25%
2 Mari Boya
25%
2 Martinius Stenshorne
25%
1 Nikita Bedrin
25%
1 Noah Strømsted
25%
1 Roman Stanek
25%
2 Sami Meguetounif
25%
2 Santiago Ramos
25%
2 Théo Pourchaire
25%
1 Christian Lundgaard
0%
1 Matteo Nannini
0%
1 Taylor Barnard
0%
No matching quizzes found
Score Distribution
Percent of People with Each Score
Percentile by Number Answered
Your Score History
You have not taken this quiz